Hesla Jednoty bratrské 1982.

Uložené v:
Podrobná bibliografia
Médium: Kniha
Jazyk:Czech
Vydané: Praha : Ústřední církevní nakladatelství, 1982.
Vydanie:1. vyd.
ISBN: (brož.)
Fyzický popis: 127 s.
Tagy: Pridať tag
Žiadne tagy, Buďte prvý kto otaguje tento záznam!

MARC

LEADER 00000nam a2200000 a 4500
001 000221908
005 20101228231900.0
008 040101s1982 e o
020 |a (brož.) 
040 |a SVKKK  |b slo  |c SVKKK  |e AACR2 
041 0 |a cze 
044 |a xr  |c CZ 
245 1 0 |a Hesla Jednoty bratrské 1982. 
250 |a 1. vyd. 
260 |a Praha :  |b Ústřední církevní nakladatelství,  |c 1982. 
300 |a 127 s. 
910 |a svkkk 
998 |a BK 
090 |g SCKHL  |k Sklad Hlavná 10 suterén  |a I.53225  |j 648230  |i 2720689927  |s Povinný výt.